Riconosci il Pokémon - Quiz n°576 - Statistics

Statistiche generali
  • Questo quiz è stato fatto 0 volte
  • Il punteggio medio è 0 su 10
Statistiche sulle risposte
Indizio Risposta % Corretto
Altezza 0,7 m
0%
Sesso 100% ♀
0%
Tasso di cattura 120 (24.9%)
0%
Peso 8,2 kg
0%
Tipo Erba
0%
Abilità Fogliamanto; Indifferenza; Dolcevelo
0%
Tasso di allevamento Medio-Lento
0%
Stadio evoluzione Prima evoluzione
0%
Generazione Settima
0%
Pokémon Steenee
0%
Nessun quiz corrispondente trovato
Distribuzione punteggi
Percentuale di utenti per punteggio
Percentile per numero di risposta
I tuoi punteggi nel tempo
Non hai fatto questo quiz